| 000 | 006850000a22002050004500 | ||
|---|---|---|---|
| 999 |
_c54350 _d54350 |
||
| 001 | 768714001 | ||
| 003 | CO-MdFUSB | ||
| 005 | 20170823160355.0 | ||
| 008 | 170823s2002 xxu||||| |||| 00| 0 eng d | ||
| 022 | _a0120-3649 | ||
| 040 |
_aCO-MdFUSB _bspa _cCO-MdFUSB _dCO-MdFUSB |
||
| 041 | _aeng | ||
| 100 | 1 |
_aKing, Philip J. _eautor |
|
| 245 | 1 | 0 |
_aOf fathers, kings and the deity : _bthe nested households of Ancient Israel |
| 300 |
_aVolumen 28. Número 2 (2002), Páginas 42-45 _c28 cm. |
||
| 546 | _aTexto en inglés | ||
| 700 | 1 | _aStager, Lawrence E. | |
| 773 | 0 |
_tBiblical Archaeology Review _049395 _959463 _gVolumen 28. Número 2 (2002), Páginas 42-45 _qPágina 42 |
|
| 942 | _cANA | ||